|
|
|
|
| LEADER |
00827nab a2200217 i 4500 |
| 001 |
misc26445 |
| 005 |
20191111110302.0 |
| 008 |
170907s1986 hu o 0|| zxx d |
| 040 |
|
|
|a SZTE Miscellanea Repozitórium
|b hun
|
| 041 |
|
|
|a zxx
|
| 100 |
1 |
|
|a Uda H.
|
| 245 |
1 |
0 |
|a Mononuclear phagocytic system in nude mice lymphnode immunohistological analysis by monoclonal antibodies
|h [elektronikus dokumentum] /
|c Uda H.
|
| 260 |
|
|
|c 1986
|
| 300 |
|
|
|a 117-118
|
| 490 |
0 |
|
|a Kolligátum
|
| 695 |
|
|
|a Kísérleti állatok, Nyirokrendszer - előadáskivonat
|
| 700 |
0 |
1 |
|a Maruyama T.
|e aut
|
| 700 |
0 |
1 |
|a Tanaka S.
|e aut
|
| 700 |
0 |
1 |
|a Bozóky Béla
|e aut
|
| 710 |
|
|
|a International Congress of the International Academy of Pathology (16.) (1986) (Vienna)
|
| 856 |
4 |
0 |
|u http://misc.bibl.u-szeged.hu/26445/1/019_007_117-118.pdf
|z Dokumentum-elérés
|